IMO IDN Silver Year - Statistics

General Stats
  • This quiz has been taken 5 times
  • The average score is 6 of 50
Answer Stats
Hint Dua nama depan saja % Correct
Ivan Wangsa
67%
Tobi Moektijono
67%
Ahmad Zaky
33%
Andre Yohannes
33%
Fransisca Susan
33%
Gede Bagus
33%
Joseph Andreas
33%
Kevin Christian
33%
Koe Han Beng
33%
Raja Oktovin
33%
Raymond Christopher
33%
Reza Wahyu
33%
Rudi Adha
33%
Stefanus Lie
33%
Stephen Sanjaya
33%
Utari Wijayanti
33%
Agung Prasetyo
0%
Aldrian Obaja
0%
Andika Sutanto
0%
Andreas Dwi Maryanto
0%
Bizan Alzacky
0%
Dhani Wiryawan
0%
Dimas Yusuf
0%
Djoko Widodo
0%
Effendi Ronny
0%
Fahmi Fuady
0%
Fajar Yuliawan
0%
Ferry Valerian
0%
Guntur Sinardi
0%
Hendra Suratno
0%
Hendrata Dharmawan
0%
Ignatius Ivan
0%
Indra Astra
0%
Johan Batubara
0%
Lukito Muliadi
0%
Marchelius Stefanus
0%
Muhammad Riza
0%
Munawar
0%
Mushthofa
0%
Nusufirmansyah
0%
Pramudya Ananto
0%
Prastudy Mungkas
0%
Ronald Widjojo
0%
Saadah Sajjana
0%
Sander Parawira
0%
Septian Hartono
0%
Teguh Siswanto
0%
Thomas Kurniawan
0%
Wahyu Perdana
0%
Yosafat Eka
0%
No matching quizzes found
Score Distribution
Percent of People with Each Score
Percentile by Number Answered
Your Score History
You have not taken this quiz